<?xml version="1.0" encoding="UTF-8"?>
<record
    xmlns:xsi="http://www.w3.org/2001/XMLSchema-instance"
    xsi:schemaLocation="http://www.loc.gov/MARC21/slim http://www.loc.gov/standards/marcxml/schema/MARC21slim.xsd"
    xmlns="http://www.loc.gov/MARC21/slim">

  <leader>01432nam a22001697a 4500</leader>
  <controlfield tag="008">150126b        xxu||||| |||| 00| 0 eng d</controlfield>
  <datafield tag="022" ind1=" " ind2=" ">
    <subfield code="a">9781405744713</subfield>
  </datafield>
  <datafield tag="050" ind1=" " ind2=" ">
    <subfield code="a">KD310.H34(vol.21)</subfield>
  </datafield>
  <datafield tag="245" ind1=" " ind2=" ">
    <subfield code="a">Halsbury's Laws of England: Lord Mackay of Clashfern, Lord High Chancellor Great Britain. /</subfield>
    <subfield code="c">edited by Lord Mackay. /</subfield>
  </datafield>
  <datafield tag="250" ind1=" " ind2=" ">
    <subfield code="a">5th ed.</subfield>
  </datafield>
  <datafield tag="260" ind1=" " ind2=" ">
    <subfield code="a">London:</subfield>
    <subfield code="b">Reed Elsevier,</subfield>
    <subfield code="c">2001.</subfield>
  </datafield>
  <datafield tag="300" ind1=" " ind2=" ">
    <subfield code="a">699p.:</subfield>
  </datafield>
  <datafield tag="440" ind1=" " ind2=" ">
    <subfield code="a">Halsbury's Laws of England: Lord Mackay of Clasfern, Lord High Chancellor Great Britain  vol.21. /</subfield>
    <subfield code="p">Consumer credit, consumer protection.</subfield>
    <subfield code="v">vol.21</subfield>
  </datafield>
  <datafield tag="500" ind1=" " ind2=" ">
    <subfield code="a">Includes index.</subfield>
  </datafield>
  <datafield tag="505" ind1=" " ind2=" ">
    <subfield code="a">Contents: How to use Halsbury's law of England -- References and abbreviations -- Table of statutes -- Table of statutory instruments -- Table of European Union legislation -- Table of conventions -- Table of cases -- Consumer credit: Scope of the consumer credit legislation -- Advertising and canvassing for business -- The making of regulated agreements -- Security -- Charges for credit -- Matters arising during the period of agreement -- Termination, default and enforcement -- Unfair relationships -- Ancillary credit business -- Judicial control, offences and enforcement -- Consumer protection: The legislative framework -- Regulation of contractual relationships -- Regulation of commercial practices -- Product liability and consumer safety -- Administration, regulation and enforcement.</subfield>
  </datafield>
  <datafield tag="942" ind1=" " ind2=" ">
    <subfield code="2">lcc</subfield>
    <subfield code="c">BK</subfield>
  </datafield>
  <datafield tag="999" ind1=" " ind2=" ">
    <subfield code="c">5302</subfield>
    <subfield code="d">12802</subfield>
  </datafield>
  <datafield tag="952" ind1=" " ind2=" ">
    <subfield code="0">0</subfield>
    <subfield code="1">0</subfield>
    <subfield code="2">lcc</subfield>
    <subfield code="4">0</subfield>
    <subfield code="7">0</subfield>
    <subfield code="a">WIUC-1</subfield>
    <subfield code="b">WIUC-1</subfield>
    <subfield code="c">LL</subfield>
    <subfield code="d">2015-01-26</subfield>
    <subfield code="l">0</subfield>
    <subfield code="o">KD310.H34(5e vol.21)</subfield>
    <subfield code="p">2527/1524/15</subfield>
    <subfield code="r">2015-01-26 00:00:00</subfield>
    <subfield code="t">1</subfield>
    <subfield code="w">2015-01-26</subfield>
    <subfield code="y">BK</subfield>
  </datafield>
</record>
